[Event "Barcelona Sant Marti op 8th"]
[Site "Barcelona"]
[Date "2019.02.21"]
[Round "6"]
[White "Santolaria Sanz, Xavier"]
[Black "Ibanez Camara, Oscar"]
[Result "1-0"]
[WhiteElo "1596"]
[BlackElo "1656"]
[PlyCount "71"]
[EventDate "2019.01.17"]
[EventType "swiss"]
[EventRounds "9"]
[EventCountry "ESP"]
[SourceTitle "CBM 189 Extra"]
[Source "ChessBase"]
[SourceDate "2019.06.03"]
[SourceVersion "1"]
[SourceVersionDate "2019.06.03"]
[SourceQuality "1"]

1. e4 c5 2. Nc3 d6 3. f4 Nf6 4. Nf3 Nc6 5. Bc4 e6 6. 0-0 Nxe4 7. Nxe4 d5 8. Bb5 dxe4 9. Ne5 Bd7 10. Bxc6 Bxc6 11. Nxc6 bxc6 12. Qe2 Qd5 13. Re1 Be7 14. Qxe4 0-0 15. Kh1 Bf6 16. c4 Qd4 17. Rb1 Rfd8 18. b3 Qf2 19. Qe3 Qh4 20. g3 Qg4 21. Qe4 Rd4 22. Qxc6 Rad8 23. Ba3 Rxd2 24. Bxc5 Qh3 25. Bg1 Bd4 26. Rbd1 Bc3 27. Rxd2 Bxd2 28. Rd1 g6 29. Be3 Kg7 30. Qg2 Qg4 31. Rxd2 Rxd2 32. Qxd2 a6 33. Qd4+ Kg8 34. Qd8+ Kg7 35. Bd4+ Kh6 36. Qh4+ 1-0

[Event "Barcelona Sant Marti op 8th"]
[Site "Barcelona"]
[Date "2019.01.24"]
[Round "2"]
[White "Santolaria Sanz, Xavier"]
[Black "Niubo Calvo, Juan"]
[Result "1/2-1/2"]
[WhiteElo "1596"]
[BlackElo "1759"]
[PlyCount "114"]
[EventDate "2019.01.17"]
[EventType "swiss"]
[EventRounds "9"]
[EventCountry "ESP"]
[SourceTitle "CBM 189 Extra"]
[Source "ChessBase"]
[SourceDate "2019.06.03"]
[SourceVersion "1"]
[SourceVersionDate "2019.06.03"]
[SourceQuality "1"]

1. e4 c5 2. Nf3 Nc6 3. d4 cxd4 4. Nxd4 e5 5. Nb5 d6 6. a4 Be7 7. Be2 Nf6 8. N5c3 Be6 9. Be3 0-0 10. 0-0 a6 11. Nd2 Rc8 12. Nc4 Nd4 13. Nd5 Nxe2+ 14. Qxe2 Bxd5 15. exd5 Nxd5 16. Rfd1 Qc7 17. Na3 Nxe3 18. Qxe3 Rfd8 19. c3 d5 20. Rd3 d4 21. cxd4 exd4 22. Qe2 Bxa3 23. Rdxa3 d3 24. Rxd3 Qc1+ 25. Rd1 Rxd1+ 26. Qxd1 Qxb2 27. Rb1 Qc2 28. Qxc2 Rxc2 29. Kf1 Rc7 30. a5 Kf8 31. Ke2 Ke7 32. Rb6 Kd7 33. Kd3 Kc8 34. Rb4 Rc5 35. Rc4 Rxc4 36. Kxc4 Kc7 37. Kc5 h6 38. g4 b5 39. axb6+ Kb7 40. f4 h5 41. g5 h4 42. f5 h3 43. f6 g6 44. Kd6 a5 45. Ke7 a4 46. Kxf7 a3 47. Kxg6 a2 48. f7 a1Q 49. f8Q Qb1+ 50. Kf7 Qf5+ 51. Kg8 Qxg5+ 52. Qg7+ Qxg7+ 53. Kxg7 Kxb6 54. Kg6 Kc6 55. Kg5 Kd6 56. Kg4 Ke6 57. Kxh3 Kf6 1/2-1/2

[Event "Barcelona Primavera La Lira op 10th"]
[Site "Barcelona"]
[Date "2017.05.04"]
[Round "3"]
[White "Farre Buil, Carles"]
[Black "Santolaria Sanz, Xavier"]
[Result "1-0"]
[WhiteElo "1862"]
[BlackElo "1644"]
[PlyCount "61"]
[EventDate "2017.04.20"]
[EventType "swiss"]
[EventRounds "9"]
[EventCountry "ESP"]
[SourceTitle "EXT 2018"]
[Source "ChessBase"]
[SourceDate "2017.10.13"]
[SourceVersion "1"]
[SourceVersionDate "2017.10.13"]
[SourceQuality "1"]

1. e4 e6 2. d4 b6 3. Bd3 Bb7 4. Nc3 Nf6 5. Nge2 Be7 6. 0-0 0-0 7. e5 Ne8 8. Ne4 f5 9. exf6 Nxf6 10. N2g3 Nc6 11. c3 a5 12. Re1 Ba6 13. Bc2 Qe8 14. Nxf6+ Rxf6 15. Nh5 Rf7 16. Qg4 Kh8 17. Qe4 Qg8 18. Bf4 Bd6 19. Re3 Raf8 20. Bxd6 cxd6 21. Rh3 d5 22. Qh4 g6 23. f3 gxh5 24. Qxh5 Rg7 25. g3 Rg5 26. Qh4 Rxf3 27. Bxh7 Rgxg3+ 28. hxg3 Rxg3+ 29. Rxg3 Qxh7 30. Qxh7+ Kxh7 31. Kg2 1-0

[Event "Barcelona Sant Marti op-B 18th"]
[Site "Barcelona"]
[Date "2016.07.20"]
[Round "8.57"]
[White "Santolaria Sanz, Xavier"]
[Black "Ferres Saez, Joan"]
[Result "1/2-1/2"]
[WhiteElo "1607"]
[BlackElo "1763"]
[PlyCount "88"]
[EventDate "2016.07.13"]
[EventType "swiss"]
[EventRounds "9"]
[EventCountry "ESP"]
[SourceTitle "EXT 2024"]
[Source "ChessBase"]
[SourceDate "2023.10.10"]
[SourceVersion "1"]
[SourceVersionDate "2023.10.10"]
[SourceQuality "1"]

1. e4 c5 2. Nf3 g6 3. d4 cxd4 4. Nxd4 Bg7 5. Be3 Nc6 6. Be2 Nf6 7. Nc3 0-0 8. Qd2 d5 9. Nxc6 bxc6 10. e5 Nd7 11. Bh6 Nxe5 12. Bxg7 Kxg7 13. 0-0-0 Qa5 14. h4 f6 15. h5 g5 16. f4 Nf7 17. h6+ Kh8 18. Bh5 gxf4 19. Bxf7 Rxf7 20. Qxf4 e5 21. Qg3 Be6 22. a3 Rg8 23. Qh2 Qc7 24. Rhf1 Rg6 25. Ne2 d4 26. Rd3 Bc4 27. Rd2 c5 28. Qh4 Qe7 29. Rf2 Be6 30. Ng3 Rg4 31. Qh3 Rg5 32. Qh2 f5 33. Nh5 Bd5 34. Rde2 e4 35. Nf4 Bc4 36. Re1 Rg4 37. b3 Ba6 38. Qh5 Qf6 39. Nd5 Qg6 40. Qxg6 Rxg6 41. Rxe4 Rf8 42. Re5 Bb7 43. Rfe2 Bc6 44. Rf2 Bxd5 1/2-1/2

[Event "Barcelona Sant Marti op-B 18th"]
[Site "Barcelona"]
[Date "2016.07.19"]
[Round "7.43"]
[White "Santolaria Sanz, Xavier"]
[Black "Moreno Perez, Norberto"]
[Result "0-1"]
[WhiteElo "1607"]
[BlackElo "1886"]
[PlyCount "92"]
[EventDate "2016.07.13"]
[EventType "swiss"]
[EventRounds "9"]
[EventCountry "ESP"]
[SourceTitle "EXT 2024"]
[Source "ChessBase"]
[SourceDate "2023.10.10"]
[SourceVersion "1"]
[SourceVersionDate "2023.10.10"]
[SourceQuality "1"]

1. e4 e5 2. Nf3 Nc6 3. Bc4 h6 4. Nc3 Nf6 5. d3 Bc5 6. 0-0 0-0 7. Kh1 a6 8. h3 d6 9. Nh2 b5 10. Bb3 Nd4 11. Ne2 Nxb3 12. axb3 d5 13. f4 exf4 14. e5 Nh5 15. d4 Bb6 16. Bxf4 Nxf4 17. Nxf4 c6 18. Nh5 Qg5 19. c3 Be6 20. Nf4 Bf5 21. Qh5 Be4 22. Qxg5 hxg5 23. Nh5 c5 24. Nf3 Bxf3 25. Rxf3 cxd4 26. cxd4 Bxd4 27. Rd3 Bxb2 28. Ra2 Bxe5 29. Rxd5 f6 30. Rd7 Rf7 31. Rad2 g6 32. Rxf7 Kxf7 33. Rd7+ Ke6 34. Nxf6 Bxf6 35. Rc7 a5 36. Rc6+ Kf7 37. g4 a4 38. Rc7+ Be7 39. bxa4 bxa4 40. Rc2 a3 41. Ra2 Bf6 42. Kg2 Bb2 43. Kf3 Ke6 44. Ke3 Rh8 45. Kd3 Rxh3+ 46. Kc2 Rg3 0-1

[Event "Barcelona Sant Marti op-B 18th"]
[Site "Barcelona"]
[Date "2016.07.18"]
[Round "6.42"]
[White "Madrid Sole, Antonio"]
[Black "Santolaria Sanz, Xavier"]
[Result "1/2-1/2"]
[WhiteElo "1865"]
[BlackElo "1607"]
[PlyCount "112"]
[EventDate "2016.07.13"]
[EventType "swiss"]
[EventRounds "9"]
[EventCountry "ESP"]
[SourceTitle "EXT 2024"]
[Source "ChessBase"]
[SourceDate "2023.10.10"]
[SourceVersion "1"]
[SourceVersionDate "2023.10.10"]
[SourceQuality "1"]

1. d4 Nf6 2. Nf3 g6 3. e3 Bg7 4. Bd3 d6 5. Nbd2 0-0 6. 0-0 Bg4 7. h3 Bxf3 8. Nxf3 Nc6 9. c3 e5 10. Qc2 Re8 11. dxe5 Nxe5 12. Be2 Qe7 13. b3 Nc6 14. Bb2 Nd5 15. Bb5 Qe4 16. Bd3 Qe7 17. Rfe1 Ndb4 18. Qd2 Nxd3 19. Qxd3 Qe4 20. Qd2 Ne5 21. Nxe5 Rxe5 22. f3 Qc6 23. c4 Re6 24. Bxg7 Kxg7 25. Qd4+ Kg8 26. Rad1 a5 27. a4 Rae8 28. Kf2 Qc5 29. Qxc5 dxc5 30. Rd5 b6 31. Rd7 R8e7 32. Rxe7 Rxe7 33. Rd1 Kf8 34. Rd8+ Re8 35. Rd5 Re6 36. e4 Rd6 37. Ke3 Ke7 38. f4 Ke6 39. g4 f6 40. h4 c6 41. f5+ gxf5 42. exf5+ Ke7 43. Rxd6 Kxd6 44. Ke4 h6 45. Kf4 b5 46. g5 Ke7 47. gxh6 Kf7 48. Kg3 b4 49. Kf4 Kg8 50. Kg4 Kh8 51. Kh5 Kh7 52. Kg4 Kxh6 53. Kh3 Kh5 54. Kg3 Kh6 55. Kg4 Kg7 56. Kh5 Kh7 1/2-1/2

[Event "Barcelona Sant Marti op-B 18th"]
[Site "Barcelona"]
[Date "2016.07.17"]
[Round "5.60"]
[White "Perez Ramirez, Placido"]
[Black "Santolaria Sanz, Xavier"]
[Result "0-1"]
[WhiteElo "1211"]
[BlackElo "1607"]
[PlyCount "66"]
[EventDate "2016.07.13"]
[EventType "swiss"]
[EventRounds "9"]
[EventCountry "ESP"]
[SourceTitle "EXT 2024"]
[Source "ChessBase"]
[SourceDate "2023.10.10"]
[SourceVersion "1"]
[SourceVersionDate "2023.10.10"]
[SourceQuality "1"]

1. e4 Nf6 2. e5 Nd5 3. d4 d6 4. Nf3 Nc6 5. Bc4 Nb6 6. Bb3 dxe5 7. d5 Na5 8. Nc3 Nxb3 9. axb3 Bg4 10. Qd3 Bxf3 11. Qxf3 a6 12. Be3 g6 13. Rd1 Bg7 14. 0-0 Nd7 15. Ne4 0-0 16. c4 Nf6 17. Nxf6+ Bxf6 18. Qe4 Bg7 19. Rd2 f5 20. Qc2 f4 21. Bc5 f3 22. g4 e6 23. Bxf8 Qh4 24. Qe4 Qh3 25. Qxf3 Qxf3 26. Bxg7 Qxg4+ 27. Kh1 Kxg7 28. dxe6 Qxe6 29. Rfd1 Rf8 30. h4 Rf4 31. Kg2 Qg4+ 32. Kf1 Qh3+ 33. Ke2 Re4# 0-1

[Event "Barcelona La Lira op 33rd"]
[Site "Barcelona"]
[Date "2015.02.20"]
[Round "6"]
[White "Santolaria Sanz, Xavier"]
[Black "Archs Garriga, Ignasi"]
[Result "1-0"]
[WhiteElo "1607"]
[BlackElo "1601"]
[PlyCount "85"]
[EventDate "2015.01.16"]
[EventType "swiss"]
[EventRounds "9"]
[EventCountry "ESP"]
[SourceTitle "EXT 2016"]
[Source "ChessBase"]
[SourceDate "2015.10.08"]
[SourceVersion "1"]
[SourceVersionDate "2015.10.08"]
[SourceQuality "1"]

1. e4 Nf6 2. e5 Nd5 3. d4 d6 4. c4 Nb6 5. f4 dxe5 6. fxe5 g6 7. Nf3 Bg4 8. Be2 Bg7 9. 0-0 0-0 10. Be3 e6 11. Nbd2 Qc8 12. h3 Bxf3 13. Rxf3 c5 14. Ne4 cxd4 15. Bxd4 Nc6 16. Nf6+ Kh8 17. Bc3 Qc7 18. Re3 Rad8 19. Qe1 Na4 20. Qh4 Bxf6 21. Qxf6+ Kg8 22. Be1 Nd4 23. h4 Nxe2+ 24. Rxe2 Qxc4 25. Bd2 Rxd2 26. Rxd2 Qg4 27. Rf1 Qb4 28. Rd7 Qc5+ 29. Kh1 Nb6 30. Rxf7 Rxf7 31. Qxf7+ Kh8 32. Qf6+ Kg8 33. Qxe6+ Kg7 34. Qf6+ Kg8 35. Qf7+ Kh8 36. Qf6+ Kg8 37. Qe6+ Kg7 38. Rf7+ Kh6 39. Qf6 Qc1+ 40. Kh2 Nd5 41. Qg7+ Kh5 42. Qxh7+ Qh6 43. g4+ 1-0

[Event "Barcelona Sant Marti op-B 15th"]
[Site "Barcelona"]
[Date "2013.07.20"]
[Round "8"]
[White "Molina Cabaleiro, Juan Jose"]
[Black "Santolaria Sanz, Xavier"]
[Result "1-0"]
[WhiteElo "1801"]
[BlackElo "1624"]
[PlyCount "43"]
[EventDate "2013.07.13"]
[EventType "swiss"]
[EventRounds "9"]
[EventCountry "ESP"]
[SourceTitle "CBM 155 Extra"]
[Source "ChessBase"]
[SourceDate "2013.08.26"]
[SourceVersion "1"]
[SourceVersionDate "2013.08.26"]
[SourceQuality "1"]

1. d4 Nf6 2. Nf3 g6 3. Bf4 d6 4. h3 Bg7 5. e3 0-0 6. Nc3 Nc6 7. Be2 a6 8. d5 e5 9. Bh2 Ne7 10. e4 Nd7 11. g4 h6 12. Qd2 b5 13. a3 Rb8 14. Na2 Nc5 15. Bd3 f5 16. gxf5 Nxf5 17. Nb4 Nh4 18. Nxh4 Qxh4 19. Bg3 Qh5 20. Be2 Nxe4 21. Qe3 Qf5 22. Bg4 1-0

[Event "Barcelona La Lira op 30th"]
[Site "Barcelona"]
[Date "2012.03.09"]
[Round "8"]
[White "Santolaria Sanz, Xavier"]
[Black "Garcia Gargallo, Lluis"]
[Result "1-0"]
[WhiteElo "1832"]
[BlackElo "1742"]
[PlyCount "37"]
[EventDate "2012.01.20"]
[EventType "swiss"]
[EventRounds "8"]
[EventCountry "ESP"]
[SourceTitle "EXT 2013"]
[Source "ChessBase"]
[SourceDate "2012.11.22"]
[SourceVersion "1"]
[SourceVersionDate "2012.11.22"]
[SourceQuality "1"]

1. e4 e5 2. Nf3 Nc6 3. Bc4 Nd4 4. Nxe5 Qg5 5. f4 Qxg2 6. Qh5 Qxh1+ 7. Kf2 g6 8. Nxg6 Qxe4 9. Nxh8 Qxf4+ 10. Kg2 Qe4+ 11. Kf2 Qf4+ 12. Kg2 Nh6 13. Nc3 Nxc2 14. d4 Qf6 15. Ne4 Qg7+ 16. Kh1 Nxa1 17. Bxh6 Qxh8 18. Qxf7+ Kd8 19. Bg5+ 1-0

[Event "Barcelona La Lira op 30th"]
[Site "Barcelona"]
[Date "2012.02.03"]
[Round "3"]
[White "Febrero Perez, Lluis"]
[Black "Santolaria Sanz, Xavier"]
[Result "0-1"]
[WhiteElo "1538"]
[BlackElo "1832"]
[PlyCount "70"]
[EventDate "2012.01.20"]
[EventType "swiss"]
[EventRounds "8"]
[EventCountry "ESP"]
[SourceTitle "EXT 2013"]
[Source "ChessBase"]
[SourceDate "2012.11.22"]
[SourceVersion "1"]
[SourceVersionDate "2012.11.22"]
[SourceQuality "1"]

1. e4 Nf6 2. e5 Nd5 3. c4 Nb6 4. d4 d6 5. Nf3 Nc6 6. Bf4 Bg4 7. h3 Bh5 8. Qd3 e6 9. d5 dxe5 10. Nxe5 Qf6 11. Qe4 Bb4+ 12. Nd2 g5 13. dxc6 gxf4 14. cxb7 Rd8 15. Qc6+ Kf8 16. Nd7+ Nxd7 17. Qxc7 Qe5+ 18. Qxe5 Nxe5 19. Be2 Bxd2+ 20. Kf1 Bxe2+ 21. Kxe2 Ke7 22. b3 Ba5 23. Rhd1 Rxd1 24. Rxd1 Rb8 25. Rd4 Ng6 26. h4 Nxh4 27. Rxf4 Nf5 28. g4 Ng7 29. Re4 Rxb7 30. Re5 Bb4 31. Rg5 Kf6 32. Rb5 Rxb5 33. cxb5 Ke5 34. Kd3 Kd5 35. f4 h5 0-1